| Tag |
First Indicator |
Second Indicator |
Subfields |
| LEADER |
00000cam a2200000 4500 |
| 001 |
in00000044700 |
| 005 |
20151007075104.0 |
| 008 |
771215s1931 nyua 00000 eng |
| 010 |
|
|
|a 31028016
|
| 035 |
|
|
|a (OCoLC)03496105
|
| 035 |
|
|
|9 AAF2617AM
|
| 040 |
|
|
|a DLC
|c TLM
|d CHS
|d TXA
|d UtOrBLW
|
| 049 |
|
|
|a TXAM
|c [138297]
|
| 050 |
|
0 |
|a QL791
|b .D54
|
| 082 |
0 |
|
|a 591.5
|
| 092 |
|
|
|a 591.5
|b D615s
|
| 100 |
1 |
|
|a Ditmars, Raymond Lee,
|d 1876-1942.
|
| 245 |
1 |
0 |
|a Strange animals I have known.
|
| 264 |
|
1 |
|a New York :
|b Brewer, Warren & Putnam, inc.,
|c [1931]
|
| 264 |
|
4 |
|c [©1931]
|
| 300 |
|
|
|a 375 pages :
|b illustrations
|
| 336 |
|
|
|a text
|b txt
|2 rdacontent
|
| 337 |
|
|
|a unmediated
|b n
|2 rdamedia
|
| 338 |
|
|
|a volume
|b nc
|2 rdacarrier
|
| 610 |
1 |
0 |
|a New York Zoological Park.
|
| 650 |
|
0 |
|a Animal behavior.
|
| 999 |
|
|
|a MARS
|
| 999 |
f |
f |
|s 65410cd3-16dc-336a-b12c-56c8a8fe596f
|i e8f04732-46c3-3a97-b88c-10455c736894
|t 0
|
| 952 |
f |
f |
|p ric
|a Texas A&M University
|b Rellis Campus
|c Joint Library Facility
|d Remote Storage
|t 0
|e QL791 .D54
|h Library of Congress classification
|i unmediated -- volume
|m A14801007345
|
| 998 |
f |
f |
|a QL791 .D54
|t 0
|l Remote Storage
|